[Event "DEM U16 2023"]
[Site "Willingen GER"]
[Date "2023.06.03"]
[Round "9"]
[White "Hecht, Jonas Christian"]
[Black "Fathke, Luke"]
[Result "1/2-1/2"]
[Termination "normal"]
[Board "10"]
[WhiteElo "1949"]
[BlackElo "1637"]
[WhiteClock "00:26:33"]
[BlackClock "00:12:37"]
[PlyCount "60"]
[WhiteFideId "16214846"]
[BlackFideId "16230230"]
[EventCountry "GER"]
[EventRounds "9"]
[EventType "swiss"]
[EventDate "2023.05.27"]

1. e4 {[%clk 01:30:58]} {[%emt 00:00:02]} c6 {[%clk 01:30:49]} {[%emt
00:00:12]} 2. d4 {[%clk 01:31:23]} {[%emt 00:00:05]} d5 {[%clk 01:31:07]}
{[%emt 00:00:12]} 3. e5 {[%clk 01:31:49]} {[%emt 00:00:05]} c5 {[%clk
01:29:51]} {[%emt 00:01:46]} 4. dxc5 {[%clk 01:28:53]} {[%emt 00:03:25]} e6
{[%clk 01:29:16]} {[%emt 00:01:04]} 5. Nf3 {[%clk 01:28:48]} {[%emt 00:00:36]}
Bxc5 {[%clk 01:29:05]} {[%emt 00:00:41]} 6. Bd3 {[%clk 01:29:08]} {[%emt
00:00:10]} Ne7 {[%clk 01:27:51]} {[%emt 00:01:44]} 7. h4 {[%clk 01:28:27]}
{[%emt 00:01:12]} Nbc6 {[%clk 01:25:36]} {[%emt 00:02:45]} 8. h5 {[%clk
01:22:33]} {[%emt 00:06:23]} h6 {[%clk 01:19:24]} {[%emt 00:06:43]} 9. Nbd2
{[%clk 01:14:17]} {[%emt 00:08:45]} Qc7 {[%clk 01:10:38]} {[%emt 00:09:16]} 10.
Qe2 {[%clk 01:13:47]} {[%emt 00:01:00]} Nb4 {[%clk 01:04:03]} {[%emt 00:07:05]}
11. Bb5+ {[%clk 01:05:46]} {[%emt 00:08:32]} Bd7 {[%clk 01:01:40]} {[%emt
00:02:52]} 12. Bxd7+ {[%clk 01:05:15]} {[%emt 00:01:02]} Qxd7 {[%clk 01:01:14]}
{[%emt 00:00:55]} 13. Nb3 {[%clk 01:05:20]} {[%emt 00:00:25]} Bb6 {[%clk
00:59:45]} {[%emt 00:01:59]} 14. c3 {[%clk 01:01:11]} {[%emt 00:04:39]} Nbc6
{[%clk 00:58:40]} {[%emt 00:01:35]} 15. Be3 {[%clk 01:00:22]} {[%emt 00:01:19]}
Qc7 {[%clk 00:53:49]} {[%emt 00:05:21]} 16. O-O-O {[%clk 00:55:50]} {[%emt
00:05:02]} O-O-O {[%clk 00:47:42]} {[%emt 00:06:37]} 17. g4 {[%clk 00:50:52]}
{[%emt 00:05:28]} Rhg8 {[%clk 00:35:03]} {[%emt 00:13:10]} 18. Kb1 {[%clk
00:47:25]} {[%emt 00:03:56]} Kb8 {[%clk 00:31:21]} {[%emt 00:04:13]} 19. Bf4
{[%clk 00:43:04]} {[%emt 00:04:50]} a5 {[%clk 00:26:25]} {[%emt 00:05:25]} 20.
a4 {[%clk 00:40:56]} {[%emt 00:02:40]} Na7 {[%clk 00:23:31]} {[%emt 00:03:24]}
21. Nbd4 {[%clk 00:39:32]} {[%emt 00:01:53]} Qc4 {[%clk 00:21:35]} {[%emt
00:02:27]} 22. Qxc4 {[%clk 00:38:48]} {[%emt 00:01:14]} dxc4 {[%clk 00:21:59]}
{[%emt 00:00:06]} 23. g5 {[%clk 00:36:03]} {[%emt 00:03:13]} Nd5 {[%clk
00:19:41]} {[%emt 00:02:48]} 24. Bc1 {[%clk 00:34:33]} {[%emt 00:02:01]} hxg5
{[%clk 00:18:13]} {[%emt 00:01:59]} 25. Nxg5 {[%clk 00:33:21]} {[%emt
00:01:41]} Bxd4 {[%clk 00:17:31]} {[%emt 00:01:13]} 26. Rxd4 {[%clk 00:29:19]}
{[%emt 00:04:32]} Nc6 {[%clk 00:16:03]} {[%emt 00:01:58]} 27. Re4 {[%clk
00:29:28]} {[%emt 00:00:20]} Rd7 {[%clk 00:15:15]} {[%emt 00:01:18]} 28. f4
{[%clk 00:29:26]} {[%emt 00:00:31]} Nce7 {[%clk 00:12:29]} {[%emt 00:03:16]}
29. Nxf7 {[%clk 00:27:26]} {[%emt 00:02:31]} Nf5 {[%clk 00:12:47]} {[%emt
00:00:13]} 30. Nd6 {[%clk 00:26:33]} {[%emt 00:01:22]} Ng3 {[%clk 00:12:37]}
{[%emt 00:00:41]} 1/2-1/2

[Event "DEM U16 2023"]
[Site "Willingen GER"]
[Date "2023.06.03"]
[Round "9"]
[White "Heinisch, Niklas"]
[Black "Schulz, Bruno Andreas"]
[Result "1-0"]
[Termination "normal"]
[Board "11"]
[WhiteElo "1903"]
[BlackElo "1796"]
[WhiteClock "00:16:26"]
[BlackClock "01:10:10"]
[PlyCount "109"]
[WhiteFideId "16295080"]
[BlackFideId "34618473"]
[EventCountry "GER"]
[EventRounds "9"]
[EventType "swiss"]
[EventDate "2023.05.27"]

1. c4 {[%clk 01:30:55]} {[%emt 00:00:06]} e6 {[%clk 01:30:36]} {[%emt
00:00:25]} 2. Nc3 {[%clk 01:31:12]} {[%emt 00:00:13]} Nf6 {[%clk 01:30:54]}
{[%emt 00:00:14]} 3. e4 {[%clk 01:30:58]} {[%emt 00:00:41]} d6 {[%clk
01:29:03]} {[%emt 00:02:22]} 4. g3 {[%clk 01:30:13]} {[%emt 00:01:14]} c5
{[%clk 01:29:13]} {[%emt 00:00:20]} 5. Bg2 {[%clk 01:30:32]} {[%emt 00:00:11]}
Nc6 {[%clk 01:29:20]} {[%emt 00:00:24]} 6. Nge2 {[%clk 01:30:26]} {[%emt
00:00:36]} g6 {[%clk 01:29:33]} {[%emt 00:00:18]} 7. d3 {[%clk 01:30:04]}
{[%emt 00:00:52]} Bg7 {[%clk 01:29:55]} {[%emt 00:00:07]} 8. O-O {[%clk
01:30:21]} {[%emt 00:00:13]} a6 {[%clk 01:30:08]} {[%emt 00:00:17]} 9. h3
{[%clk 01:28:59]} {[%emt 00:01:52]} h5 {[%clk 01:29:12]} {[%emt 00:01:26]} 10.
Be3 {[%clk 00:58:26]} {[%emt 00:31:03]} h4 {[%clk 01:28:34]} {[%emt 00:01:08]}
11. d4 {[%clk 00:49:01]} {[%emt 00:09:55]} cxd4 {[%clk 01:26:23]} {[%emt
00:02:40]} 12. Nxd4 {[%clk 00:48:48]} {[%emt 00:00:43]} Ne5 {[%clk 01:24:42]}
{[%emt 00:02:11]} 13. b3 {[%clk 00:46:43]} {[%emt 00:02:37]} hxg3 {[%clk
01:20:39]} {[%emt 00:04:31]} 14. fxg3 {[%clk 00:45:45]} {[%emt 00:01:28]} Qe7
{[%clk 01:19:32]} {[%emt 00:01:36]} 15. Bg5 {[%clk 00:39:16]} {[%emt 00:07:00]}
Rh5 {[%clk 01:17:30]} {[%emt 00:02:31]} 16. Qd2 {[%clk 00:34:06]} {[%emt
00:05:41]} Ned7 {[%clk 01:15:39]} {[%emt 00:02:21]} 17. Rad1 {[%clk 00:31:47]}
{[%emt 00:02:48]} Qf8 {[%clk 01:09:44]} {[%emt 00:06:24]} 18. g4 {[%clk
00:22:46]} {[%emt 00:09:32]} Rxg5 {[%clk 01:06:20]} {[%emt 00:03:54]} 19. Qxg5
{[%clk 00:23:06]} {[%emt 00:00:10]} e5 {[%clk 01:06:33]} {[%emt 00:00:17]} 20.
Nde2 {[%emt 00:04:15]} Bh6 {[%clk 01:05:40]} {[%emt 00:01:20]} 21. Qh4 {[%clk
00:17:59]} {[%emt 00:01:55]} Qg7 {[%clk 01:03:46]} {[%emt 00:02:23]} 22. g5
{[%clk 00:17:49]} {[%emt 00:00:41]} Nh5 {[%clk 01:03:23]} {[%emt 00:00:53]} 23.
gxh6 {[%clk 00:18:04]} {[%emt 00:00:15]} Qxh6 {[%clk 01:03:45]} {[%emt
00:00:07]} 24. Nd5 {[%clk 00:17:46]} {[%emt 00:00:49]} g5 {[%clk 01:03:42]}
{[%emt 00:00:32]} 25. Qf2 {[%clk 00:17:50]} {[%emt 00:00:27]} Nf4 {[%clk
01:03:57]} {[%emt 00:00:15]} 26. Nexf4 {[%clk 00:18:08]} {[%emt 00:00:11]} gxf4
{[%clk 01:04:18]} {[%emt 00:00:10]} 27. Nc7+ {[%clk 00:18:26]} {[%emt
00:00:11]} Kf8 {[%clk 01:04:38]} {[%emt 00:00:09]} 28. Nxa8 {[%clk 00:18:48]}
{[%emt 00:00:09]} Nc5 {[%clk 01:05:05]} {[%emt 00:00:04]} 29. Qf3 {[%clk
00:15:27]} {[%emt 00:03:51]} Qg6 {[%clk 01:05:21]} {[%emt 00:00:14]} 30. Nb6
{[%clk 00:14:36]} {[%emt 00:01:21]} Be6 {[%clk 01:05:07]} {[%emt 00:00:45]} 31.
b4 {[%clk 00:13:28]} {[%emt 00:01:37]} Nd7 {[%clk 01:04:29]} {[%emt 00:01:09]}
32. Nxd7+ {[%clk 00:13:52]} {[%emt 00:00:07]} Bxd7 {[%clk 01:04:56]} {[%emt
00:00:02]} 33. c5 {[%clk 00:13:49]} {[%emt 00:00:33]} d5 {[%clk 01:05:02]}
{[%emt 00:00:23]} 34. Rxd5 {[%clk 00:13:47]} {[%emt 00:00:32]} Bc6 {[%clk
01:05:00]} {[%emt 00:00:32]} 35. Rd6 {[%clk 00:13:00]} {[%emt 00:01:15]} Qg7
{[%clk 01:04:50]} {[%emt 00:00:42]} 36. Qg4 {[%clk 00:13:14]} {[%emt 00:00:16]}
Qh7 {[%clk 01:04:56]} {[%emt 00:00:24]} 37. Qf5 {[%clk 00:12:54]} {[%emt
00:00:48]} Qh4 {[%clk 01:05:13]} {[%emt 00:00:16]} 38. Qc8+ {[%clk 00:12:57]}
{[%emt 00:00:27]} Be8 {[%clk 01:05:06]} {[%emt 00:00:37]} 39. Rd8 {[%clk
00:12:59]} {[%emt 00:00:29]} Qe7 {[%clk 01:04:45]} {[%emt 00:00:50]} 40. Rxe8+
{[%clk 00:13:17]} {[%emt 00:00:12]} Qxe8 {[%clk 01:05:07]} {[%emt 00:00:07]}
41. Qxe8+ {[%clk 00:13:43]} {[%emt 00:00:04]} Kxe8 {[%clk 01:05:33]} {[%emt
00:00:05]} 42. h4 {[%clk 00:14:05]} {[%emt 00:00:08]} Ke7 {[%clk 01:05:58]}
{[%emt 00:00:04]} 43. a4 {[%clk 00:14:22]} {[%emt 00:00:13]} Kf6 {[%clk
01:06:09]} {[%emt 00:00:19]} 44. b5 {[%clk 00:14:43]} {[%emt 00:00:08]} axb5
{[%clk 01:06:36]} {[%emt 00:00:04]} 45. axb5 {[%clk 00:15:09]} {[%emt
00:00:03]} Kg6 {[%clk 01:07:03]} {[%emt 00:00:04]} 46. c6 {[%clk 00:15:31]}
{[%emt 00:00:08]} bxc6 {[%clk 01:07:31]} {[%emt 00:00:03]} 47. b6 {[%clk
00:15:50]} {[%emt 00:00:11]} c5 {[%clk 01:07:50]} {[%emt 00:00:10]} 48. b7
{[%clk 00:16:14]} {[%emt 00:00:06]} c4 {[%clk 01:08:11]} {[%emt 00:00:08]} 49.
b8=Q {[%clk 00:16:25]} {[%emt 00:00:19]} c3 {[%clk 01:08:37]} {[%emt 00:00:04]}
50. Qd6+ {[%clk 00:16:44]} {[%emt 00:00:11]} f6 {[%clk 01:09:01]} {[%emt
00:00:07]} 51. h5+ {[%clk 00:16:37]} {[%emt 00:00:37]} Kg5 {[%clk 01:09:22]}
{[%emt 00:00:08]} 52. Qe6 {[%clk 00:16:32]} {[%emt 00:00:33]} c2 {[%clk
01:09:48]} {[%emt 00:00:06]} 53. Qf5+ {[%clk 00:16:48]} {[%emt 00:00:13]} Kh4
{[%clk 01:10:14]} {[%emt 00:00:06]} 54. Bh3 {[%clk 00:16:26]} {[%emt 00:00:51]}
c1=Q {[%clk 01:10:10]} {[%emt 00:00:35]} 55. Qg4# {[%emt 00:00:09]} 1-0

[Event "DEM U16 2023"]
[Site "Willingen GER"]
[Date "2023.06.03"]
[Round "9"]
[White "Peglau, Charis"]
[Black "Demchenko, Yaroslav"]
[Result "1/2-1/2"]
[Termination "normal"]
[Board "12"]
[WhiteTitle "WFM"]
[WhiteElo "2114"]
[BlackElo "1814"]
[WhiteClock "00:10:37"]
[BlackClock "00:14:04"]
[PlyCount "88"]
[WhiteFideId "16219996"]
[BlackFideId "14186667"]
[EventCountry "GER"]
[EventRounds "9"]
[EventType "swiss"]
[EventDate "2023.05.27"]

1. b3 {[%clk 01:30:57]} {[%emt 00:00:02]} g6 {[%clk 01:30:19]} {[%emt
00:00:42]} 2. Bb2 {[%clk 01:31:10]} {[%emt 00:00:17]} Nf6 {[%clk 01:30:44]}
{[%emt 00:00:06]} 3. e3 {[%clk 01:30:25]} {[%emt 00:01:14]} Bg7 {[%clk
01:30:25]} {[%emt 00:00:49]} 4. Nf3 {[%clk 01:30:16]} {[%emt 00:00:39]} O-O
{[%clk 01:27:19]} {[%emt 00:03:36]} 5. Be2 {[%clk 01:29:48]} {[%emt 00:00:58]}
d6 {[%clk 01:22:51]} {[%emt 00:04:58]} 6. O-O {[%clk 01:27:33]} {[%emt
00:02:45]} c5 {[%clk 01:19:22]} {[%emt 00:03:59]} 7. c4 {[%clk 01:25:56]}
{[%emt 00:02:07]} e5 {[%clk 01:16:35]} {[%emt 00:03:17]} 8. d4 {[%clk
01:22:25]} {[%emt 00:04:01]} cxd4 {[%clk 01:14:31]} {[%emt 00:02:35]} 9. exd4
{[%clk 01:22:48]} {[%emt 00:00:06]} e4 {[%clk 01:13:32]} {[%emt 00:01:29]} 10.
Nfd2 {[%clk 01:19:38]} {[%emt 00:03:41]} d5 {[%clk 01:10:33]} {[%emt 00:03:28]}
11. cxd5 {[%clk 01:09:05]} {[%emt 00:11:03]} Qxd5 {[%clk 01:03:59]} {[%emt
00:07:04]} 12. Nc3 {[%clk 01:05:00]} {[%emt 00:04:35]} Qxd4 {[%clk 00:59:20]}
{[%emt 00:05:09]} 13. Nb5 {[%clk 01:01:27]} {[%emt 00:04:03]} Qd8 {[%clk
00:49:11]} {[%emt 00:10:39]} 14. Rc1 {[%clk 00:34:48]} {[%emt 00:27:08]} e3
{[%clk 00:44:00]} {[%emt 00:05:42]} 15. Bxf6 {[%clk 00:23:13]} {[%emt
00:12:05]} exf2+ {[%clk 00:36:31]} {[%emt 00:07:59]} 16. Kh1 {[%clk 00:17:50]}
{[%emt 00:05:52]} Bxf6 {[%clk 00:35:52]} {[%emt 00:01:10]} 17. Nc7 {[%clk
00:18:03]} {[%emt 00:00:17]} Bg5 {[%clk 00:34:02]} {[%emt 00:02:19]} 18. Nxa8
{[%clk 00:13:54]} {[%emt 00:04:40]} Bxd2 {[%clk 00:33:24]} {[%emt 00:01:08]}
19. Rc2 {[%clk 00:13:56]} {[%emt 00:00:28]} Be3 {[%clk 00:31:32]} {[%emt
00:02:22]} 20. Nc7 {[%clk 00:12:03]} {[%emt 00:02:24]} Bf5 {[%clk 00:31:21]}
{[%emt 00:00:40]} 21. Rc4 {[%clk 00:11:56]} {[%emt 00:00:37]} Qg5 {[%clk
00:27:51]} {[%emt 00:04:00]} 22. Nd5 {[%clk 00:07:49]} {[%emt 00:04:38]} Rd8
{[%clk 00:28:09]} {[%emt 00:00:12]} 23. h4 {[%clk 00:07:57]} {[%emt 00:00:20]}
Rxd5 {[%clk 00:27:58]} {[%emt 00:00:43]} 24. hxg5 {[%clk 00:06:11]} {[%emt
00:02:15]} Rxd1 {[%clk 00:28:24]} {[%emt 00:00:04]} 25. Rxd1 {[%clk 00:06:34]}
{[%emt 00:00:07]} Nc6 {[%clk 00:28:00]} {[%emt 00:00:54]} 26. g4 {[%clk
00:05:45]} {[%emt 00:01:19]} b5 {[%clk 00:27:34]} {[%emt 00:00:55]} 27. gxf5
{[%clk 00:03:09]} {[%emt 00:03:06]} bxc4 {[%clk 00:28:01]} {[%emt 00:00:04]}
28. Bxc4 {[%clk 00:03:13]} {[%emt 00:00:26]} gxf5 {[%clk 00:28:03]} {[%emt
00:00:27]} 29. Kg2 {[%clk 00:02:10]} {[%emt 00:01:33]} Ne5 {[%clk 00:28:15]}
{[%emt 00:00:18]} 30. Rd8+ {[%clk 00:01:17]} {[%emt 00:01:23]} Kg7 {[%clk
00:28:40]} {[%emt 00:00:04]} 31. Re8 {[%clk 00:01:30]} {[%emt 00:00:18]} Bd4
{[%clk 00:27:45]} {[%emt 00:01:24]} 32. a4 {[%clk 00:00:55]} {[%emt 00:01:06]}
f4 {[%clk 00:27:43]} {[%emt 00:00:32]} 33. Bb5 {[%clk 00:00:39]} {[%emt
00:00:47]} Kg6 {[%clk 00:24:43]} {[%emt 00:03:29]} 34. Rd8 {[%clk 00:00:38]}
{[%emt 00:00:30]} Be3 {[%clk 00:24:40]} {[%emt 00:00:33]} 35. Rg8+ {[%clk
00:00:38]} {[%emt 00:00:31]} Kf5 {[%clk 00:25:07]} {[%emt 00:00:04]} 36. Rg7
{[%clk 00:00:57]} {[%emt 00:00:11]} f3+ {[%clk 00:24:02]} {[%emt 00:01:35]} 37.
Kg3 {[%clk 00:01:05]} {[%emt 00:00:22]} Bf4+ {[%clk 00:23:07]} {[%emt
00:01:24]} 38. Kxf2 {[%clk 00:01:23]} {[%emt 00:00:13]} Kg4 {[%clk 00:22:18]}
{[%emt 00:01:19]} 39. Rxh7 {[%clk 00:01:19]} {[%emt 00:00:34]} Bxg5 {[%clk
00:22:15]} {[%emt 00:00:33]} 40. Rh1 {[%clk 00:01:16]} {[%emt 00:00:33]} Kf4
{[%clk 00:21:21]} {[%emt 00:01:24]} 41. Rg1 {[%clk 00:20:23]} {[%emt 00:11:23]}
Bh4+ {[%clk 00:48:11]} {[%emt 00:03:38]} 42. Kf1 {[%clk 00:19:47]} {[%emt
00:01:06]} Bg3 {[%clk 00:39:07]} {[%emt 00:09:35]} 43. Rh1 {[%clk 00:12:55]}
{[%emt 00:07:22]} a5 {[%clk 00:19:50]} {[%emt 00:19:47]} 44. Rh7 {[%clk
00:10:37]} {[%emt 00:02:48]} Ke4 {[%clk 00:14:04]} {[%emt 00:06:15]} 1/2-1/2

[Event "DEM U16 2023"]
[Site "Willingen GER"]
[Date "2023.06.03"]
[Round "9"]
[White "Reichmann, Felix"]
[Black "Oldenburg, Max Leonard"]
[Result "1-0"]
[Termination "normal"]
[Board "13"]
[WhiteElo "1976"]
[BlackElo "1825"]
[WhiteClock "00:33:57"]
[BlackClock "00:31:03"]
[PlyCount "53"]
[WhiteFideId "16238290"]
[BlackFideId "34660348"]
[EventCountry "GER"]
[EventRounds "9"]
[EventType "swiss"]
[EventDate "2023.05.27"]

1. c4 {[%clk 01:30:58]} {[%emt 00:00:01]} e5 {[%clk 01:31:00]} {[%emt
00:00:01]} 2. Nc3 {[%clk 01:31:21]} {[%emt 00:00:08]} Bb4 {[%clk 01:31:24]}
{[%emt 00:00:05]} 3. Nd5 {[%clk 01:29:12]} {[%emt 00:02:39]} Bc5 {[%clk
01:30:19]} {[%emt 00:01:36]} 4. b4 {[%clk 01:26:17]} {[%emt 00:03:24]} Bd4
{[%clk 01:29:14]} {[%emt 00:01:34]} 5. Rb1 {[%clk 01:26:41]} {[%emt 00:00:07]}
c6 {[%clk 01:29:06]} {[%emt 00:00:39]} 6. Nc3 {[%clk 01:25:04]} {[%emt
00:02:06]} d5 {[%clk 01:26:48]} {[%emt 00:02:45]} 7. cxd5 {[%clk 01:25:15]}
{[%emt 00:00:21]} cxd5 {[%clk 01:27:09]} {[%emt 00:00:10]} 8. Nf3 {[%clk
01:25:38]} {[%emt 00:00:06]} Bxc3 {[%clk 01:25:16]} {[%emt 00:02:24]} 9. dxc3
{[%clk 01:26:02]} {[%emt 00:00:06]} e4 {[%clk 01:23:56]} {[%emt 00:01:51]} 10.
Nd4 {[%clk 01:26:08]} {[%emt 00:00:24]} Nc6 {[%clk 01:22:30]} {[%emt 00:01:55]}
11. b5 {[%clk 01:22:00]} {[%emt 00:04:39]} Nxd4 {[%clk 01:16:11]} {[%emt
00:06:49]} 12. Qxd4 {[%clk 01:22:25]} {[%emt 00:00:05]} Nf6 {[%clk 01:16:02]}
{[%emt 00:00:38]} 13. Ba3 {[%clk 01:22:29]} {[%emt 00:00:27]} Be6 {[%clk
01:11:46]} {[%emt 00:04:44]} 14. e3 {[%clk 01:22:21]} {[%emt 00:00:40]} b6
{[%clk 01:08:38]} {[%emt 00:03:38]} 15. Be2 {[%clk 01:20:29]} {[%emt 00:02:22]}
Rc8 {[%clk 01:05:43]} {[%emt 00:03:23]} 16. Rc1 {[%clk 01:11:53]} {[%emt
00:09:07]} h5 {[%clk 00:57:36]} {[%emt 00:08:37]} 17. O-O {[%clk 01:05:56]}
{[%emt 00:06:27]} h4 {[%clk 00:55:27]} {[%emt 00:02:39]} 18. f4 {[%clk
01:05:50]} {[%emt 00:00:35]} Qc7 {[%clk 00:45:56]} {[%emt 00:09:59]} 19. f5
{[%clk 00:59:21]} {[%emt 00:07:01]} Bd7 {[%clk 00:46:16]} {[%emt 00:00:10]} 20.
c4 {[%clk 00:59:34]} {[%emt 00:00:18]} Kd8 {[%clk 00:40:05]} {[%emt 00:06:40]}
21. cxd5 {[%clk 00:49:46]} {[%emt 00:10:19]} Qb7 {[%clk 00:39:13]} {[%emt
00:01:22]} 22. Rc6 {[%clk 00:49:38]} {[%emt 00:00:38]} h3 {[%clk 00:37:37]}
{[%emt 00:02:07]} 23. gxh3 {[%clk 00:39:03]} {[%emt 00:11:03]} Rxh3 {[%clk
00:35:49]} {[%emt 00:02:19]} 24. Qe5 {[%clk 00:33:26]} {[%emt 00:06:06]} Bxc6
{[%clk 00:32:07]} {[%emt 00:04:12]} 25. bxc6 {[%clk 00:33:34]} {[%emt
00:00:23]} Qc7 {[%clk 00:30:46]} {[%emt 00:01:51]} 26. d6 {[%clk 00:33:33]}
{[%emt 00:00:30]} Qxc6 {[%clk 00:31:03]} {[%emt 00:00:14]} 27. Qe7# {[%clk
00:33:57]} {[%emt 00:00:04]} 1-0